KRAL ŞAKİR/MACERA DEVAM EDİYOR/T1 (Record no. 990485)

MARC details
000 -LEADER
sabit uzunluktaki kontrol alanı 00270nam a2200097Ia 4500
001 - KONTROL NUMARASI
kontrol alanı 990485
005 - EN SON İŞLEMİN TARİH VE ZAMANI
kontrol alanı 20250826221312.0
008 - SABİT-UZUNLUKTA VERİ ÖĞELERİ--GENEL BİLGİ
sabit uzunluktaki kontrol alanı 250824s9999 xx 000 0 und d
245 #0 - ESER / YAZAR
ESER ADI KRAL ŞAKİR/MACERA DEVAM EDİYOR/T1
Yazar Adı HALUK CAN DİZDAROĞLU
260 ## - YAYIN, DAĞITIM, VB.
YAYIN EVİ İKİ A YAYINCILIK
Holdings
Düşüm durumu Kayıp durumu Hasar Durumu Ödünç verilmez Ana kütüphane Geçerli Kütüphane Edinilen tarih Toplam ödünç verme sayısı Barkod İade tarihi Son görüntüleme tarihi Son ödünç verme tarihi Fiyatın geçerli olmaya başladığı tarih Koha materyal türü
        ERTUĞRUL GAZİ ORTAOKULU ERTUĞRUL GAZİ ORTAOKULU 24.08.2025 4 10553501 16.12.2025 01.12.2025 01.12.2025 26.08.2025 Books